| 000 | 00801cam a2200253 a 4500 | ||
|---|---|---|---|
| 001 | 17484491 | ||
| 005 | 20180129082253.0 | ||
| 008 | 121004s2013 coua b 001 0 eng | ||
| 010 | _a 2012040677 | ||
| 020 | _a9780813345949 (pbk. : alk. paper) | ||
| 020 | _a9780813345956 (ebook) | ||
| 040 |
_aDLC _cDLC _dDLC |
||
| 041 | _aeng | ||
| 042 | _apcc | ||
| 080 | _a304.2 mic | ||
| 082 | 0 | 0 |
_a304.2 mic _223 |
| 100 | 1 | _a9 | |
| 101 | _amje | ||
| 245 | 1 | 0 |
_aSociety and the environment : _cMichael Carolan. |
| 504 | _aIncludes bibliographical references (p. 281-313) and index. | ||
| 906 |
_a7 _bcbc _corignew _d1 _eecip _f20 _gy-gencatlg |
||
| 942 |
_2ddc _cBK |
||
| 999 |
_c41182 _d41182 |
||